000 00524nam a2200205Ia 4500
003 GCL
008 140319s9999 xx 000 0 ara d
040 _aGCL /
_cGCL
082 0 4 _a370.1934
_bغ ث
100 1 _aغورين
245 1 0 _aالثواب والعقاب فى تربية الاطفال /
_cغورين
700 1 _aليف
700 1 _aغسان نصر
300 _a192
490 _aكتاب
_v0
650 0 4 _aالتربية
650 0 4 _aالاطفال
650 0 4 _aعلم النفس
942 _2ddc
_cBK
999 _c42946
_d42946